Fr. Conceicao Rodrigues College of Engineering

Manufacturing Methods & Processes (Record no. 33658)

MARC details
000 -LEADER
fixed length control field 00302nam a2200133Ia 4500
082 ## - DEWEY DECIMAL CLASSIFICATION NUMBER
Classification number 670.42
100 ## - MAIN ENTRY--PERSONAL NAME
Personal name Ansley/A.C
245 ## - TITLE STATEMENT
Title Manufacturing Methods & Processes
260 ## - PUBLICATION, DISTRIBUTION, ETC.
Name of publisher, distributor, etc. Chilton Book & Co
Place of publication, distribution, etc. Philadelpic
Date of publication, distribution, etc. 1968
300 ## - PHYSICAL DESCRIPTION
Extent 626
546 ## - LANGUAGE NOTE
Language note ENGLISH
654 ## - SUBJECT ADDED ENTRY--FACETED TOPICAL TERMS
Focus term Manufacturing
942 ## - ADDED ENTRY ELEMENTS (KOHA)
Koha item type BOOK
Holdings
Withdrawn status Lost status Damaged status Not for loan Collection Home library Current library Date acquired Source of acquisition Cost, normal purchase price Inventory number Total Checkouts Full call number Barcode Date last seen Cost, replacement price Price effective from Koha item type
        AFT Fr. Agnel's C.Rodrigues College of Engineering Fr. Agnel's C.Rodrigues College of Engineering 17/03/2023 Union book stall 126.25 T-351   670.42 AFT3401 17/03/2023 126.25 17/03/2023 BOOK